| 000 | 00535nam a22001457a 4500 | ||
|---|---|---|---|
| 999 |
_c533515 _d533515 |
||
| 008 | 260529b ||||| |||| 00| 0 eng d | ||
| 100 |
_aAlexander, Cheriyan _960919 |
||
| 245 | _aPortrait of life in Karnataka’s Malnad | ||
| 260 | _aThe Book Review | ||
| 300 | _a49(4), Apr, 2025: p.15-16 | ||
| 520 | _aMayaloka: A Noel by Pornachandra Tejaswi, from the original Kannada by Krishna Murthy Chandar, Ratna Books, 2024, 368. Pp. Rs.799.00. –Reproduced | ||
| 773 | _aThe Book Review | ||
| 906 | _aBOOK REVIEW | ||
| 942 | _cAR | ||